| 000 | 00564nam a2200205Ia 4500 | ||
|---|---|---|---|
| 008 | 131103s9999 xx 000 0 und d | ||
| 040 | _aLoreto College | ||
| 041 | _aEnglish | ||
| 082 |
_a920/LIN _bLCLIB/ |
||
| 100 | _aCarnegie,Dale | ||
| 245 | 4 |
_aThe unknown Lincoln _cDale Carnegie |
|
| 260 |
_aNew York _bPocket Books _c1952 |
||
| 300 |
_ax,234 p. _c 15 cm. |
||
| 504 | _aOriginally Title : Lincoln The Unknown | ||
| 630 | _aUnited States - Biography | ||
| 650 | _aLincoln,Abraham,1809 - 1865 | ||
| 651 | _aBiography | ||
| 850 | _aLCLIB | ||
| 942 | _cBK | ||
| 999 |
_c12160 _d62639 |
||